Welcome to the Holygrace Academy Library

Please use search bar below to get started

EINSTEIN: MANUSHYA CHARITHRATHILE MAHA PRATHIBHA (Record no. 8590)

MARC details
000 -LEADER
fixed length control field 00465nam a22001457a 4500
082 ## - DEWEY DECIMAL CLASSIFICATION NUMBER
Classification number 920
Item number SIN/E
100 ## - MAIN ENTRY--AUTHOR NAME
Personal name SINDHU.S.NAIR
245 ## - TITLE STATEMENT
Title EINSTEIN: MANUSHYA CHARITHRATHILE MAHA PRATHIBHA
246 ## - VARYING FORM OF TITLE
Title proper/short title EINSTEIN: MANUSHYA CHARITHRATHILE MAHA PRATHIBHA
Remainder of title EINSTEIN: MANUSHYA CHARITHRATHILE MAHA PRATHIBHA
260 ## - PUBLICATION, DISTRIBUTION, ETC. (IMPRINT)
Place of publication KUNNAMKULAM,KERALA
Name of publisher RED ROSE
Year of publication 2014
300 ## - PHYSICAL DESCRIPTION
Number of Pages 192
520 ## - SUMMARY, ETC.
Summary, etc BIOGRAPHY IN MALAYALAM
650 ## - SUBJECT ADDED ENTRY--TOPICAL TERM
Topical Term BIOGRAPHY IN MALAYALAM
Geographic subdivision KERAL
942 ## - ADDED ENTRY ELEMENTS (KOHA)
Koha item type Books
Holdings
Withdrawn status Lost status Collection code Home library Current library Shelving location Date acquired Source of acquisition Cost, normal purchase price Full call number Accession Number Koha item type
    Non-fiction Main Library Main Library NEW SHELF WITH NEW ENTRY 26/10/2023 PURCHASED 80.00 920 SIN/E 13173 Books